Statistics for -ium Vocabulary Words

Click here to take the quiz!

General Stats

  • This quiz has been taken 27,008 times
    (26,993 since last reset)
  • The average score is 13 of 20

Answer Stats

DefinitionWord% Correct
Tank of water containing fish and sea plants{Aquar}ium
98%
Venue where sporting events are held{Stad}ium
88%
Element of the Periodic Table with the symbol U{Uran}ium
86%
Part of the skull that encloses the brain{Cran}ium
83%
Drug obtained from the poppy{Op}ium
83%
A person who can communicate with spirits{Med}ium
75%
Small platform where speakers can stand{Pod}ium
75%
Establishment where dead bodies are burned{Cremator}ium
73%
Unicellular life form such as E. Coli (singular){Bacter}ium
65%
Money paid to get insurance{Prem}ium
64%
1,000 years{Millenn}ium
63%
State of balance{Equilibr}ium
61%
Chaos; uproar{Pandemon}ium
60%
Building complex containing individually owned apartments{Condomin}ium
59%
Originally, a public place or building where Greek youth exercised{Gymnas}ium
56%
A display in which stars are projected onto a domed roof{Planetar}ium
54%
Facility for long-term recovery of people with a physical or mental illness{Sanitar}ium
39%
Monotony; drudgery{Ted}ium
35%
A room with many windows that gets a lot of sunlight{Solar}ium
31%
Large retail store selling a wide variety of goods{Empor}ium
29%

Score Distribution

Percentile by Number Answered

Percent of People with Each Score

Your Score History

You have not taken this quiz since the last reset